| 000 | 00512nam a22001937a 4500 | ||
|---|---|---|---|
| 003 | PILC | ||
| 005 | 20160201090258.0 | ||
| 008 | 121116t xxu||||| |||| 00| 0 eng d | ||
| 020 | _a3596131685 | ||
| 050 |
_aPR 9199.3 _b.At887 1996 |
||
| 082 |
_aFIC _bAt9 1994 |
||
| 100 |
_aAtwood, Margaret _91621 |
||
| 245 |
_aDie rauberbraut _cMargaret Atwood |
||
| 260 |
_aNew York : _bO. W. Toad Ltd., _cc1996. |
||
| 300 |
_a583 p. : _c19 cm. |
||
| 650 |
_aGermans _xFiction. _918510 |
||
| 942 |
_2lcc _cBK |
||
| 999 |
_c10985 _d10985 |
||